|
|
|
|
| LEADER |
01546nam a2200397 a 4500 |
| 001 |
EBC429643 |
| 003 |
MiAaPQ |
| 005 |
20200520144314.0 |
| 006 |
m o d | |
| 007 |
cr cn||||||||| |
| 008 |
050516s2006 enk sb 001 0 eng |
| 010 |
|
|
|z 2005014115
|
| 020 |
|
|
|z 075460599X (alk. paper)
|
| 035 |
|
|
|a (MiAaPQ)EBC429643
|
| 035 |
|
|
|a (Au-PeEL)EBL429643
|
| 035 |
|
|
|a (CaPaEBR)ebr10211318
|
| 035 |
|
|
|a (CaONFJC)MIL918993
|
| 035 |
|
|
|a (OCoLC)437113479
|
| 040 |
|
|
|a MiAaPQ
|c MiAaPQ
|d MiAaPQ
|
| 043 |
|
|
|a e------
|
| 050 |
|
4 |
|a D421
|b .A425 2006
|
| 082 |
0 |
4 |
|a 940/.09724
|2 22
|
| 100 |
1 |
|
|a Aldcroft, Derek Howard.
|
| 245 |
1 |
0 |
|a Europe's third world :
|b the European periphery in the interwar years
|h [electronic resource] /
|c Derek H. Aldcroft.
|
| 260 |
|
|
|a Aldershot, Hants, England ;
|a Burlington, Vt. :
|b Ashgate Pub. Co.,
|c c2006.
|
| 300 |
|
|
|a ix, 217 p.
|
| 490 |
1 |
|
|a Modern economic and social history
|
| 504 |
|
|
|a Includes bibliographical references (p. [184]-201) and index.
|
| 533 |
|
|
|a Electronic reproduction. Ann Arbor, MI : ProQuest, 2015. Available via World Wide Web. Access may be limited to ProQuest affiliated libraries.
|
| 651 |
|
0 |
|a Europe
|x History
|y 20th century.
|
| 651 |
|
0 |
|a Europe
|x Economic conditions
|y 20th century.
|
| 651 |
|
0 |
|a Europe
|x Social conditions
|y 20th century.
|
| 655 |
|
4 |
|a Electronic books.
|
| 710 |
2 |
|
|a ProQuest (Firm)
|
| 830 |
|
0 |
|a Modern economic and social history series.
|
| 856 |
4 |
0 |
|u https://ebookcentral.proquest.com/lib/matrademy/detail.action?docID=429643
|z Click to View
|